[Event "POL-ch Universities"]
[Site "Lublin"]
[Date "2024.02.24"]
[Round "9"]
[White "Kowalski, Igor"]
[Black "Janik, Igor"]
[Result "0-1"]
[WhiteElo "2372"]
[BlackElo "2499"]
[PlyCount "92"]
[EventDate "2024.02.23"]
[EventType "swiss"]
[EventRounds "9"]
[EventCountry "POL"]
[SourceTitle "CB10_2024"]
[SourceDate "2024.03.06"]
[SourceVersion "1"]
[SourceVersionDate "2024.03.06"]
[SourceQuality "1"]

1. d4 g6 2. e4 c6 3. Nc3 Bg7 4. h4 h6 5. Be3 Nf6 6. f3 d6 7. Qd2 b5 8. 0-0-0 Bb7 9. Kb1 Nbd7 10. g4 Nb6 11. b3 h5 12. g5 Nfd7 13. f4 b4 14. Nce2 c5 15. Ng3 Qc7 16. Nf3 a5 17. f5 c4 18. f6 exf6 19. d5 fxg5 20. Nxg5 Ne5 21. Be2 Ba6 22. Bd4 Nbd7 23. Rhf1 Rf8 24. Nh7 a4 25. Nxf8 Kxf8 26. Qxb4 axb3 27. axb3 cxb3 28. cxb3 Bxe2 29. Nxe2 Rb8 30. Qc3 Qd8 31. Nf4 Kg8 32. Rg1 Qxh4 33. Rdf1 Nc5 34. Bxc5 dxc5 35. d6 c4 36. b4 Nc6 37. Nxg6 Qxe4+ 38. Qc2 Rxb4+ 39. Kc1 Qe3+ 40. Kd1 fxg6 41. Rxg6 Qd4+ 42. Kc1 Qa1+ 43. Kd2 Qxf1 44. Rxg7+ Kxg7 45. Qc3+ Qf6 46. Qg3+ Kh6 0-1

[Event "Lorca op 12th"]
[Site "Lorca"]
[Date "2023.12.30"]
[Round "9"]
[White "Kowalski, Igor"]
[Black "Sathvik, Adiga"]
[Result "1-0"]
[WhiteElo "2375"]
[BlackElo "1866"]
[PlyCount "129"]
[EventDate "2023.12.26"]
[EventType "swiss"]
[EventRounds "9"]
[EventCountry "ESP"]
[SourceTitle "CB01_2024"]
[SourceDate "2024.01.03"]
[SourceVersion "1"]
[SourceVersionDate "2024.01.03"]
[SourceQuality "1"]

1. d4 d5 2. c4 c6 3. Nf3 Nf6 4. g3 Bf5 5. Nc3 e6 6. Nh4 dxc4 7. Nxf5 exf5 8. e3 Nbd7 9. Bxc4 Nb6 10. Bb3 Bd6 11. f3 c5 12. Bc2 g6 13. 0-0 0-0 14. d5 Be5 15. e4 fxe4 16. fxe4 Ne8 17. Bh6 Ng7 18. Qd3 Nc8 19. Be3 Qe7 20. Rad1 b6 21. d6 Qxd6 22. Qe2 Bd4 23. Bxd4 cxd4 24. Qf2 Ne7 25. Rxd4 Qc7 26. Bb3 Ne6 27. Rd2 Qc5 28. Bxe6 Qxf2+ 29. Rfxf2 fxe6 30. Rd7 Rxf2 31. Kxf2 Kf8 32. Ke3 Ke8 33. Rb7 e5 34. Nd5 Nxd5+ 35. exd5 Rc8 36. Ke4 Rc2 37. Kxe5 Rxb2 38. Rxh7 Rxa2 39. h4 a5 40. Rb7 Rb2 41. Ke6 Kd8 42. d6 Re2+ 43. Kf6 a4 44. Rxb6 a3 45. Ra6 a2 46. g4 Rd2 47. Kxg6 Kd7 48. Kh5 Ke6 49. g5 Kf7 50. Ra7+ Kg8 51. d7 Rxd7 52. Rxa2 Kg7 53. Ra4 Rc7 54. Kg4 Rc1 55. Ra7+ Kg8 56. Kh5 Rc6 57. g6 Rc8 58. Kh6 Rb8 59. h5 Kh8 60. Ra5 Kg8 61. Kg5 Rc8 62. h6 Rb8 63. h7+ Kg7 64. Ra7+ Kh8 65. Kh6 1-0

[Event "Lorca op 12th"]
[Site "Lorca"]
[Date "2023.12.29"]
[Round "7"]
[White "Kowalski, Igor"]
[Black "Phatak, Aanjaneya"]
[Result "1-0"]
[WhiteElo "2375"]
[BlackElo "1974"]
[PlyCount "55"]
[EventDate "2023.12.26"]
[EventType "swiss"]
[EventRounds "9"]
[EventCountry "ESP"]
[SourceTitle "CB01_2024"]
[SourceDate "2024.01.03"]
[SourceVersion "1"]
[SourceVersionDate "2024.01.03"]
[SourceQuality "1"]

1. d4 Nf6 2. c4 g6 3. Nc3 Bg7 4. e4 d6 5. Be2 0-0 6. Be3 e5 7. d5 a5 8. g4 Na6 9. g5 Ne8 10. h4 f5 11. gxf6 Nxf6 12. h5 Nc5 13. hxg6 hxg6 14. Bxc5 dxc5 15. Qd3 Bg4 16. Bxg4 Nxg4 17. Qg3 Qf6 18. Nh3 Qf3 19. Rg1 Nh6 20. Qxg6 Qf6 21. Qxf6 Rxf6 22. Ke2 Nf7 23. Rg2 Nd6 24. Rag1 Rf7 25. Ng5 Re7 26. Ne6 Ne8 27. Nd1 Ra6 28. Ne3 1-0

[Event "Lorca op 12th"]
[Site "Lorca"]
[Date "2023.12.27"]
[Round "3"]
[White "Kowalski, Igor"]
[Black "Abhyuday, Santhosh"]
[Result "1-0"]
[WhiteElo "2375"]
[BlackElo "1951"]
[PlyCount "93"]
[EventDate "2023.12.26"]
[EventType "swiss"]
[EventRounds "9"]
[EventCountry "ESP"]
[SourceTitle "CB01_2024"]
[SourceDate "2024.01.03"]
[SourceVersion "1"]
[SourceVersionDate "2024.01.03"]
[SourceQuality "1"]

1. e4 c5 2. Nf3 d6 3. d4 cxd4 4. Nxd4 Nf6 5. Nc3 a6 6. h3 e5 7. Nb3 Be7 8. g4 h6 9. Be3 Nbd7 10. Bg2 Qc7 11. Qe2 b5 12. 0-0-0 Bb7 13. f4 Rc8 14. g5 hxg5 15. fxg5 Nh5 16. Qf2 Nf4 17. h4 b4 18. Nd5 Bxd5 19. exd5 Nxg2 20. Qxg2 a5 21. Kb1 a4 22. Nc1 Nb6 23. Bxb6 Qxb6 24. h5 Qe3 25. Rdg1 Rc4 26. Rh3 Qe4 27. Qxe4 Rxe4 28. c3 bxc3 29. bxc3 Rf4 30. Nd3 Rf5 31. h6 g6 32. Rhg3 0-0 33. Nb4 Rb8 34. Kc2 Kh7 35. Rg4 f6 36. Nc6 Rb7 37. Rxa4 fxg5 38. Rb4 Rc7 39. a4 Rf2+ 40. Kb3 Rd2 41. Rb5 Rxd5 42. Rxd5 Rxc6 43. Rb5 Rc7 44. a5 Ra7 45. a6 Kxh6 46. Rb7 Rxa6 47. Rxe7 1-0

[Event "Warsaw Szansa rapid op"]
[Site "Warsaw"]
[Date "2023.09.17"]
[Round "4"]
[White "Czernek, Tymon"]
[Black "Kowalski, Igor"]
[Result "1/2-1/2"]
[WhiteElo "2332"]
[BlackElo "2375"]
[PlyCount "127"]
[EventDate "2023.09.17"]
[EventType "swiss (rapid)"]
[EventRounds "9"]
[EventCountry "POL"]
[SourceTitle "EXT 2024"]
[Source "ChessBase"]
[SourceDate "2023.10.10"]
[SourceVersion "1"]
[SourceVersionDate "2023.10.10"]
[SourceQuality "1"]

1. e4 c6 2. d4 d5 3. Nc3 dxe4 4. Nxe4 Bf5 5. Ng3 Bg6 6. Nf3 Nd7 7. h4 h6 8. h5 Bh7 9. Bd3 Bxd3 10. Qxd3 e6 11. Bd2 Ngf6 12. 0-0-0 Be7 13. Kb1 0-0 14. c4 b5 15. cxb5 cxb5 16. Ne2 Nc5 17. Qc2 Nce4 18. Be3 Rc8 19. Qd3 Qd5 20. Nf4 Qc4 21. Ne5 Qxd3+ 22. Rxd3 Rfd8 23. g4 Bd6 24. f3 Ng5 25. Rf1 a5 26. Rdd1 a4 27. Nfd3 Nd5 28. Bd2 f6 29. Ng6 Rc4 30. Nc5 Bxc5 31. dxc5 Rxc5 32. Rde1 e5 33. f4 exf4 34. Bxf4 Rcc8 35. Bxg5 hxg5 36. Rf5 Kh7 37. a3 b4 38. axb4 Nxb4 39. Rb5 Rb8 40. Rxb8 Rxb8 41. Rd1 Re8 42. Kc1 Nc6 43. Rd6 Ne5 44. Nxe5 Rxe5 45. Rd4 Ra5 46. Kc2 a3 47. bxa3 Rxa3 48. Kd2 Rh3 49. Ke2 Rh4 50. Kf3 f5 51. Rd5 fxg4+ 52. Kg3 Kh6 53. Rd7 Kxh5 54. Rxg7 Rh3+ 55. Kg2 Ra3 56. Rh7+ Kg6 57. Rh8 Rb3 58. Rg8+ Kh6 59. Rh8+ Kg7 60. Ra8 g3 61. Ra6 Kf7 62. Rc6 Re3 63. Ra6 Rd3 64. Rb6 1/2-1/2

[Event "Warsaw Szansa rapid op"]
[Site "Warsaw"]
[Date "2023.09.17"]
[Round "6"]
[White "Kowalski, Igor"]
[Black "Mulawa, Cyprian"]
[Result "1/2-1/2"]
[WhiteElo "2375"]
[BlackElo "2258"]
[PlyCount "117"]
[EventDate "2023.09.17"]
[EventType "swiss (rapid)"]
[EventRounds "9"]
[EventCountry "POL"]
[SourceTitle "EXT 2024"]
[Source "ChessBase"]
[SourceDate "2023.10.10"]
[SourceVersion "1"]
[SourceVersionDate "2023.10.10"]
[SourceQuality "1"]

1. d4 d5 2. Nf3 Nf6 3. Bf4 c5 4. e3 Nc6 5. Nbd2 e6 6. c3 Bd6 7. Bg3 0-0 8. Bd3 Qe7 9. Ne5 Nd7 10. Nxc6 bxc6 11. Bxd6 Qxd6 12. 0-0 cxd4 13. cxd4 c5 14. Rc1 Bb7 15. dxc5 Nxc5 16. Bxh7+ Kxh7 17. Qc2+ Ne4 18. f3 Rac8 19. Qb1 Qb6 20. Rce1 Ba6 21. Rf2 f5 22. fxe4 dxe4 23. Nb3 Bd3 24. Qd1 f4 25. Qg4 fxe3 26. Qh3+ Kg8 27. Qxe3 Rxf2 28. Qxf2 Qxf2+ 29. Kxf2 Rc2+ 30. Kg3 Rxb2 31. Nc5 Rxa2 32. Nxe6 a5 33. Nc5 a4 34. Nxe4 Re2 35. Rxe2 Bxe2 36. Nc3 a3 37. Kf4 Bc4 38. h4 Kh7 39. Kg5 a2 40. Nxa2 Bxa2 41. g4 Bb3 42. h5 Be6 43. Kh4 Kg8 44. Kg5 Kh7 45. Kh4 Kh6 46. g5+ Kh7 47. h6 g6 48. Kg3 Bf5 49. Kf4 Kg8 50. Ke5 Kf7 51. Kd6 Bb1 52. Ke5 Ba2 53. Kd6 Bb3 54. Ke5 Kg8 55. Kf6 Bc2 56. Ke7 Kh7 57. Kf6 Bf5 58. Ke7 Bg4 59. Kf6 1/2-1/2

[Event "Warsaw Szansa rapid op"]
[Site "Warsaw"]
[Date "2023.09.17"]
[Round "9"]
[White "Malicka, Maria"]
[Black "Kowalski, Igor"]
[Result "1-0"]
[WhiteElo "2218"]
[BlackElo "2375"]
[PlyCount "77"]
[EventDate "2023.09.17"]
[EventType "swiss (rapid)"]
[EventRounds "9"]
[EventCountry "POL"]
[SourceTitle "EXT 2024"]
[Source "ChessBase"]
[SourceDate "2023.10.10"]
[SourceVersion "1"]
[SourceVersionDate "2023.10.10"]
[SourceQuality "1"]

1. e4 g6 2. d4 Bg7 3. Nc3 d6 4. Bg5 a6 5. h4 h6 6. Be3 b5 7. h5 g5 8. Qd2 Bb7 9. 0-0-0 e6 10. d5 Nf6 11. dxe6 fxe6 12. e5 Nd5 13. Nxd5 Bxd5 14. exd6 cxd6 15. Bd4 0-0 16. Bxg7 Kxg7 17. Kb1 Nc6 18. f3 b4 19. Nh3 Qf6 20. Nf2 Ne5 21. Bd3 Rab8 22. Rhe1 a5 23. Be4 Rb5 24. Bxd5 Rxd5 25. Qe2 Rxd1+ 26. Rxd1 d5 27. b3 Nc6 28. Ng4 Qf5 29. Qa6 Ne7 30. Qa7 Rf7 31. Qxa5 Qf4 32. Qb6 e5 33. Qxh6+ Kg8 34. Qe6 Kf8 35. Nxe5 Rf5 36. Rxd5 Qh2 37. Rd8+ Kg7 38. Qxe7+ Kh6 39. Rh8# 1-0

[Event "Warsaw Szansa blitz op"]
[Site "Warsaw"]
[Date "2023.09.16"]
[Round "10"]
[White "Kowalski, Igor"]
[Black "Taranowicz, Michal"]
[Result "1-0"]
[WhiteElo "2375"]
[BlackElo "2092"]
[PlyCount "121"]
[EventDate "2023.09.16"]
[EventType "swiss (blitz)"]
[EventRounds "13"]
[EventCountry "POL"]
[SourceTitle "EXT 2024"]
[Source "ChessBase"]
[SourceDate "2023.10.10"]
[SourceVersion "1"]
[SourceVersionDate "2023.10.10"]
[SourceQuality "1"]

1. d4 e6 2. Nf3 c5 3. c3 Nc6 4. e4 d5 5. e5 Qb6 6. a3 Bd7 7. b4 cxd4 8. cxd4 Nh6 9. Be2 Nf5 10. Bb2 h5 11. 0-0 Be7 12. Qd2 0-0-0 13. b5 Na5 14. Nc3 Nb3 15. Qd3 Nxa1 16. Rxa1 Kb8 17. a4 Qa5 18. Rb1 Rc8 19. Ba1 Rc4 20. Qd1 Rb4 21. Rc1 Rc8 22. g3 g5 23. Nd2 Rxd4 24. Qc2 Qc7 25. Bxh5 Bb4 26. Qa2 Qb6 27. Be2 Rxd2 28. Qxd2 d4 29. Qxg5 Bxc3 30. g4 Bxa1 31. Rxa1 d3 32. Bxd3 Nd4 33. Qf6 Qc5 34. Rd1 a6 35. bxa6 Bc6 36. axb7 Rg8 37. h3 Nf3+ 38. Kf1 Qc3 39. Qxf7 Re8 40. a5 Qb3 41. Be2 Nd4 42. Rxd4 Qxh3+ 43. Ke1 Qc3+ 44. Rd2 Rd8 45. Qf4 Qc1+ 46. Bd1 Qc3 47. Qe3 Qxe3+ 48. fxe3 Rh8 49. a6 Rh1+ 50. Ke2 Bb5+ 51. Kf3 Bxa6 52. Bb3 Bxb7+ 53. Kf4 Rf1+ 54. Kg5 Bc8 55. Rd6 Re1 56. Bxe6 Rxe3 57. Bxc8 Kxc8 58. Rd5 Kc7 59. Kf5 Kc6 60. Rd6+ Kc7 61. g5 1-0

[Event "Wroclaw Anderssen Memorial op-A"]
[Site "Wroclaw"]
[Date "2023.08.13"]
[Round "9"]
[White "Kowalski, Igor"]
[Black "Moranda, Wojciech"]
[Result "1/2-1/2"]
[WhiteElo "2371"]
[BlackElo "2576"]
[PlyCount "56"]
[EventDate "2023.08.06"]
[EventType "swiss"]
[EventRounds "9"]
[EventCountry "POL"]
[SourceTitle "CBM 215 Extra"]
[Source "ChessBase"]
[SourceDate "2023.09.30"]
[SourceVersion "1"]
[SourceVersionDate "2023.09.30"]
[SourceQuality "1"]

1. d4 Nf6 2. Nf3 d5 3. Bf4 Bf5 4. e3 e6 5. Bd3 Bxd3 6. Qxd3 c5 7. dxc5 Na6 8. c6 Nc5 9. Qb5 a6 10. c7+ axb5 11. cxd8Q+ Rxd8 12. Nc3 b4 13. Nb5 Nfe4 14. Nfd4 f6 15. f3 Nd6 16. Bxd6 Bxd6 17. a3 bxa3 18. Rxa3 Kf7 19. Nxd6+ Rxd6 20. Rc3 Na6 21. Kf2 e5 22. Nb3 Rhd8 23. Rd1 Rb6 24. f4 Ke7 25. g4 Rb4 26. Kg3 Rd6 27. h4 b5 28. Nc5 Nxc5 1/2-1/2

[Event "Wroclaw Anderssen Memorial op-A"]
[Site "Wroclaw"]
[Date "2023.08.08"]
[Round "4"]
[White "Kowalski, Igor"]
[Black "Dobrowolski, Piotr"]
[Result "1-0"]
[WhiteElo "2371"]
[BlackElo "2411"]
[PlyCount "71"]
[EventDate "2023.08.06"]
[EventType "swiss"]
[EventRounds "9"]
[EventCountry "POL"]
[SourceTitle "CBM 215 Extra"]
[Source "ChessBase"]
[SourceDate "2023.09.30"]
[SourceVersion "1"]
[SourceVersionDate "2023.09.30"]
[SourceQuality "1"]

1. d4 Nf6 2. Nf3 g6 3. Bf4 Bg7 4. e3 0-0 5. h3 d6 6. Be2 c5 7. 0-0 b6 8. c3 Bb7 9. Nbd2 Nbd7 10. a4 a6 11. Re1 Ra7 12. Bd3 e5 13. dxe5 dxe5 14. Bxe5 Nxe5 15. Nxe5 Re8 16. f4 Nd5 17. Bc4 Bxe5 18. fxe5 Bc6 19. Nf3 Qa8 20. e4 Nf4 21. Qd2 Ne6 22. Bxe6 Rxe6 23. Qh6 Qf8 24. Qf4 h6 25. Nh2 h5 26. Nf3 Rd7 27. Ng5 Ree7 28. Qf6 Rc7 29. e6 Be8 30. exf7+ Bxf7 31. Qxb6 Rb7 32. Qxa6 Rxb2 33. Rf1 Qb8 34. Nxf7 Rxf7 35. Qe6 Qc7 36. a5 1-0

[Event "Wroclaw Anderssen Memorial op-A"]
[Site "Wroclaw"]
[Date "2023.08.06"]
[Round "2"]
[White "Kowalski, Igor"]
[Black "Checiak, Krzysztof"]
[Result "1-0"]
[WhiteElo "2371"]
[BlackElo "2001"]
[PlyCount "65"]
[EventDate "2023.08.06"]
[EventType "swiss"]
[EventRounds "9"]
[EventCountry "POL"]
[SourceTitle "CBM 215 Extra"]
[Source "ChessBase"]
[SourceDate "2023.09.30"]
[SourceVersion "1"]
[SourceVersionDate "2023.09.30"]
[SourceQuality "1"]

1. d4 Nf6 2. Nf3 e6 3. Bf4 d5 4. e3 Bd6 5. Bd3 Qe7 6. Nbd2 Nbd7 7. Ne5 Bxe5 8. dxe5 Ng8 9. c3 Qc5 10. Qg4 Qf8 11. h4 h5 12. Qe2 Ne7 13. Nf3 g6 14. 0-0-0 a6 15. e4 c6 16. Bg5 Qg7 17. exd5 cxd5 18. Qe3 Nc6 19. Rhe1 b5 20. Qf4 Bb7 21. Kb1 Qf8 22. Nd4 Nxd4 23. cxd4 Qb4 24. Rc1 Qa5 25. g4 Rc8 26. Rxc8+ Bxc8 27. Rc1 Bb7 28. gxh5 Rxh5 29. Rc2 Qe1+ 30. Qc1 Qxc1+ 31. Rxc1 Nb6 32. Rc7 Ba8 33. Ra7 1-0

[Event "Wroclaw Anderssen Memorial op-A"]
[Site "Wroclaw"]
[Date "2023.08.06"]
[Round "1"]
[White "Lambrecht, Tomasz"]
[Black "Kowalski, Igor"]
[Result "1/2-1/2"]
[WhiteElo "2027"]
[BlackElo "2371"]
[PlyCount "52"]
[EventDate "2023.08.06"]
[EventType "swiss"]
[EventRounds "9"]
[EventCountry "POL"]
[SourceTitle "CBM 215 Extra"]
[Source "ChessBase"]
[SourceDate "2023.09.30"]
[SourceVersion "1"]
[SourceVersionDate "2023.09.30"]
[SourceQuality "1"]

1. d4 Nf6 2. c4 e6 3. Nf3 Bb4+ 4. Bd2 Qe7 5. e3 b6 6. Bd3 Bb7 7. 0-0 Bxd2 8. Qxd2 d6 9. Nc3 Bxf3 10. gxf3 Nbd7 11. Nb5 Qd8 12. Rfd1 0-0 13. Bf1 e5 14. Bg2 a6 15. Nc3 exd4 16. Qxd4 Re8 17. f4 Rb8 18. Bf3 Nf8 19. Kh1 Ne6 20. Qd2 Nc5 21. Qc2 Qe7 22. Rac1 Nce4 23. Nd5 Qd8 24. Rg1 g6 25. Rgd1 a5 26. a3 Rc8 1/2-1/2

[Event "Titled Tuesday intern op 01st Aug Late"]
[Site "Chess.com INT"]
[Date "2023.08.01"]
[Round "4"]
[White "Kowalski, Igor"]
[Black "Karaoglan, Doruk"]
[Result "0-1"]
[WhiteElo "2371"]
[BlackElo "2278"]
[PlyCount "70"]
[EventDate "2023.08.01"]
[EventType "swiss (blitz)"]
[EventRounds "11"]
[EventCountry "USA"]
[SourceTitle "EXT 2024"]
[Source "ChessBase"]
[SourceDate "2023.10.10"]
[SourceVersion "1"]
[SourceVersionDate "2023.10.10"]
[SourceQuality "1"]

1. Nf3 Nf6 2. d4 g6 3. Nc3 d5 4. Bf4 Bg7 5. e3 0-0 6. Be2 c5 7. 0-0 Nc6 8. dxc5 Be6 9. Nd4 Qa5 10. Ncb5 Rac8 11. c3 a6 12. Nxc6 bxc6 13. b4 Qd8 14. Na7 Ne4 15. Bxa6 Nxc3 16. Qc2 Bf5 17. Qb3 Rc7 18. Bxc7 Qxc7 19. Rfc1 Qxa7 20. Bf1 Ne4 21. a4 Bxa1 22. Rxa1 Nd2 23. Qc3 Nxf1 24. Kxf1 Rb8 25. Ke1 Qa6 26. Kd2 e5 27. Qxe5 Rxb4 28. Qe8+ Kg7 29. Qe5+ Kh6 30. f4 Qd3+ 31. Ke1 Re4 32. Qf6 Rxe3+ 33. Kf2 Qd2+ 34. Kf1 Bd3+ 35. Kg1 Re1+ 0-1

[Event "Warsaw Najdorf Memorial op-A"]
[Site "Warsaw"]
[Date "2023.07.14"]
[Round "4"]
[White "Kowalski, Igor"]
[Black "Padalka, Artem"]
[Result "1/2-1/2"]
[WhiteElo "2380"]
[BlackElo "2158"]
[PlyCount "74"]
[EventDate "2023.07.11"]
[EventType "swiss"]
[EventRounds "9"]
[EventCountry "POL"]
[SourceTitle "EXT 2024"]
[Source "ChessBase"]
[SourceDate "2023.10.10"]
[SourceVersion "1"]
[SourceVersionDate "2023.10.10"]
[SourceQuality "1"]

1. e4 c5 2. Nf3 d6 3. Bb5+ Bd7 4. Bxd7+ Qxd7 5. 0-0 g6 6. c3 Bg7 7. d4 Nf6 8. Qe2 0-0 9. e5 Nd5 10. dxc5 dxc5 11. Rd1 Rd8 12. Qe4 Nc6 13. Re1 Nc7 14. Nbd2 Qd5 15. Qh4 Nxe5 16. Nxe5 Bxe5 17. Nf3 Bf6 18. Bg5 Ne8 19. Re3 Ng7 20. g4 h5 21. Bxf6 exf6 22. Qxf6 hxg4 23. Ne5 Nh5 24. Qg5 Re8 25. Rae1 Kg7 26. Qxg4 Re6 27. Rd3 Qxa2 28. Rd7 Rxe5 29. Rxe5 Nf6 30. Qd1 Nxd7 31. Qxd7 Qxb2 32. Rxc5 Qb1+ 33. Kg2 Qe4+ 34. Kg1 Qe1+ 35. Kg2 Qe4+ 36. Kg1 Qe1+ 37. Kg2 Qe4+ 1/2-1/2

[Event "Warsaw Maciei Memorial"]
[Site "Warsaw"]
[Date "2023.07.10"]
[Round "7"]
[White "Kopczynski, Michal"]
[Black "Kowalski, Igor"]
[Result "0-1"]
[WhiteElo "2225"]
[BlackElo "2380"]
[PlyCount "90"]
[EventDate "2023.07.10"]
[EventType "swiss (blitz)"]
[EventRounds "11"]
[EventCountry "POL"]
[SourceTitle "CBM 215 Extra"]
[Source "ChessBase"]
[SourceDate "2023.09.30"]
[SourceVersion "1"]
[SourceVersionDate "2023.09.30"]
[SourceQuality "1"]

1. e4 c6 2. d4 d5 3. e5 Bf5 4. g4 Bc8 5. Bd3 c5 6. c3 Nc6 7. Be3 Qb6 8. b3 cxd4 9. cxd4 Qb4+ 10. Kf1 Bd7 11. Be2 e6 12. f4 h5 13. gxh5 Nh6 14. Nf3 Nf5 15. Bf2 Rxh5 16. a3 Qa5 17. Nbd2 Qc3 18. Qc1 Qxc1+ 19. Rxc1 Bxa3 20. Rc2 Ke7 21. Rg1 Bb4 22. h4 a5 23. Ng5 Rh6 24. Ndf3 a4 25. bxa4 Rxa4 26. Rb2 Ra3 27. Kg2 f6 28. exf6+ gxf6 29. Nh3 Ne3+ 30. Kh2 Nf5 31. Rgb1 Bc3 32. Rxb7 Ra2 33. Nhg1 Nfxd4 34. Bxd4 Nxd4 35. Nxd4 Bxd4 36. Re1 Bf2 37. Nf3 Bxe1 38. Nd4 Bc3 39. Nc6+ Kd6 40. Nd8 Rxe2+ 41. Kg3 Be1+ 42. Kf3 Rf2+ 43. Ke3 Rxh4 44. Ra7 Rh3+ 45. Kd4 e5+ 0-1

[Event "Warsaw Maciei Memorial"]
[Site "Warsaw"]
[Date "2023.07.10"]
[Round "8"]
[White "Kowalski, Igor"]
[Black "Socko, Bartosz"]
[Result "1/2-1/2"]
[WhiteElo "2380"]
[BlackElo "2558"]
[PlyCount "104"]
[EventDate "2023.07.10"]
[EventType "swiss (blitz)"]
[EventRounds "11"]
[EventCountry "POL"]
[SourceTitle "CBM 215 Extra"]
[Source "ChessBase"]
[SourceDate "2023.09.30"]
[SourceVersion "1"]
[SourceVersionDate "2023.09.30"]
[SourceQuality "1"]

1. e4 e6 2. d4 d5 3. Nd2 Nf6 4. e5 Nfd7 5. Bd3 c5 6. c3 b6 7. Ne2 Ba6 8. Bxa6 Nxa6 9. f4 Nc7 10. Nf3 f5 11. 0-0 Be7 12. Be3 0-0 13. h3 a5 14. g4 a4 15. Kg2 a3 16. b3 cxd4 17. Nfxd4 Nc5 18. Ng3 Bh4 19. Nde2 Bxg3 20. Nxg3 Nb5 21. Rc1 Rc8 22. c4 dxc4 23. bxc4 Na7 24. gxf5 exf5 25. Qd5+ Kh8 26. Bxc5 bxc5 27. Qxd8 Rcxd8 28. Rc3 Nc6 29. Rxa3 g5 30. Ra6 gxf4 31. Rxc6 fxg3 32. Kxg3 Rd3+ 33. Rf3 f4+ 34. Kf2 Rd2+ 35. Ke1 Rxa2 36. e6 Rb8 37. Rd6 Rb1+ 38. Rd1 Rbb2 39. Rxf4 Re2+ 40. Kf1 Kg7 41. Rf5 Rxe6 42. Rxc5 Ree2 43. Rg5+ Kf6 44. Rg3 Rf2+ 45. Kg1 h5 46. Rf1 Rxf1+ 47. Kxf1 Rc2 48. Rf3+ Kg5 49. Kg1 Rxc4 50. Kg2 Kh4 51. Rf2 Rd4 52. Re2 Rc4 1/2-1/2

[Event "Titled Tuesday intern op 18th Apr Late"]
[Site "Chess.com INT"]
[Date "2023.04.18"]
[Round "3"]
[White "Leenhouts, Koen"]
[Black "Kowalski, Igor"]
[Result "1/2-1/2"]
[WhiteElo "2442"]
[BlackElo "2380"]
[PlyCount "111"]
[EventDate "2023.04.18"]
[EventType "swiss (blitz)"]
[EventRounds "11"]
[EventCountry "USA"]
[SourceTitle "EXT 2024"]
[Source "ChessBase"]
[SourceDate "2023.10.10"]
[SourceVersion "1"]
[SourceVersionDate "2023.10.10"]
[SourceQuality "1"]

1. c4 Nf6 2. Nc3 g6 3. e4 d6 4. d4 Bg7 5. f3 0-0 6. Nge2 Nbd7 7. Ng3 h5 8. Be2 h4 9. Nf1 c5 10. d5 a6 11. Bg5 h3 12. gxh3 b5 13. Ne3 Nh7 14. Bh4 Rb8 15. Qd2 Ne5 16. f4 Nxc4 17. Nxc4 bxc4 18. Bxc4 Rb4 19. b3 Bxh3 20. Rc1 Qd7 21. Rg1 Kh8 22. Rg3 Bg4 23. h3 Bh5 24. Kf2 e5 25. dxe6 fxe6 26. Kg2 Bd4 27. Rf1 Nf6 28. Bg5 Qc6 29. Kh2 Nxe4 30. Nxe4 Qxe4 31. Bd3 Qd5 32. Bh6 Rg8 33. Bg5 Bg7 34. Qc2 Rd4 35. Rf2 Rf8 36. Bxg6 Rd1 37. Be4 Qd4 38. Rgg2 d5 39. Bf3 Bxf3 40. Rxf3 e5 41. Qg6 Qe4 42. Qh5+ Qh7 43. Qg4 e4 44. Rfg3 d4 45. Bh4 e3 46. Qxg7+ Qxg7 47. Rxg7 e2 48. R7g6 Kh7 49. R6g5 Rf6 50. Rh5+ Rh6 51. Re5 Rxh4 52. Re7+ Kh6 53. Re6+ Kh7 54. Re7+ Kh8 55. Re8+ Kh7 56. Re7+ 1/2-1/2

[Event "Titled Tuesday intern op 18th Apr Late"]
[Site "Chess.com INT"]
[Date "2023.04.18"]
[Round "4"]
[White "Sarana, Alexey"]
[Black "Kowalski, Igor"]
[Result "1-0"]
[WhiteElo "2685"]
[BlackElo "2380"]
[PlyCount "63"]
[EventDate "2023.04.18"]
[EventType "swiss (blitz)"]
[EventRounds "11"]
[EventCountry "USA"]
[SourceTitle "EXT 2024"]
[Source "ChessBase"]
[SourceDate "2023.10.10"]
[SourceVersion "1"]
[SourceVersionDate "2023.10.10"]
[SourceQuality "1"]

1. d4 Nf6 2. c4 g6 3. Nc3 Bg7 4. e4 0-0 5. Be2 d6 6. Be3 Nbd7 7. Nf3 e5 8. d5 Nc5 9. Nd2 a5 10. g4 c6 11. g5 Ne8 12. h4 a4 13. h5 Qa5 14. Qc2 Nc7 15. Kf1 Bd7 16. Rc1 N7a6 17. a3 Rac8 18. Kg2 Qd8 19. Rh2 f5 20. gxf6 Qxf6 21. Rg1 g5 22. h6 Bxh6 23. Rgh1 Bg7 24. Rxh7 g4 25. Qd1 Qg6 26. R7h4 Rf4 27. Bxf4 exf4 28. Bxg4 Nd3 29. Kf1 Nxb2 30. Qf3 Bxg4 31. Rxg4 Qf6 32. Qh3 1-0

[Event "POL-ch Universities"]
[Site "Bydgoszcz"]
[Date "2023.03.11"]
[Round "7"]
[White "Grochol, Kamil"]
[Black "Kowalski, Igor"]
[Result "1-0"]
[WhiteElo "2024"]
[BlackElo "2380"]
[PlyCount "53"]
[EventDate "2023.03.10"]
[EventType "swiss"]
[EventRounds "9"]
[EventCountry "POL"]
[SourceTitle "CBM 213 Extra"]
[Source "ChessBase"]
[SourceDate "2023.05.31"]
[SourceVersion "1"]
[SourceVersionDate "2023.05.31"]
[SourceQuality "1"]

1. d4 d5 2. Bf4 Nf6 3. e3 c5 4. c3 Nc6 5. Nd2 Bf5 6. Ngf3 e6 7. Qa4 Bd6 8. Ba6 Qd7 9. Bxb7 Qxb7 10. Bxd6 c4 11. Ne5 Rc8 12. 0-0 Nd7 13. Nxd7 Qxd7 14. Ba3 Bd3 15. Rfe1 f6 16. e4 Kd8 17. exd5 exd5 18. b3 Qf7 19. bxc4 dxc4 20. Ne4 Qd5 21. Nc5 Bf5 22. Qb5 Qf7 23. d5 Ne5 24. Nb7+ Qxb7 25. Qxb7 Re8 26. Bb4 Bd7 27. f4 1-0